01184nam a2200313Ia 450000500170000000800410001702000150005810000190007324502210009225000190031330000430033250000220037565000460039765000380044365000350048170000390051670000260055570000240058170000380060570000270064394200150067026400350068533600270072033700330074733800280078004000350080808400120084399900150085520220317000733.0160601s2004 us a g 000 0 spa  a07460508521 aAmery, Heather10aMitos griegos para niños ctexto Heather Amery ; ilustraciones Linda Edwards ; diseño Amanda Barlow ; redacción Jenny Tyler ; traducción Pilar Dunster ; redacción en español Pilar Dunster y Anna Sánchez a1a. edición  a128 páginas bilustraciones c29 cm  aIncluye glosario 142LEMBaLeyenda y mitos infantiles griegos 142LEMBaLiteratura infantil griega 142LEMBaDioses en la literatura 1 aEdwards, Lindaeilustrador 9536711 aBarlow, Amanda9536721 aTyler, Jenny9536731 aDunster, Pilaretraductor 9536741 aSánchez, Anna953675 2loccBKINF aEstados Unidos bUsbornec2004 atextobtxt2rdacontent asin mediaciónbn2rdamedia avolumenbnc2rdacarrier aCO-BoRNBPbspaerdacCO-BoRNBP aLM AME1 c4914d4914